000 01228cam a2200301 a 4500
008
020 _a0821811231 (hbk.)
049 _aMAIN
090 _aQA377
110 _aSIAM-AMS Summer Seminar on Systems of Nonlinear Partial Differential Equations in Applied Mathematics
_d(1984 :
_cCollege of Santa Fe)
245 1 0 _aNonlinear systems of partial differential equations in applied mathematics /
_cedited by Basil Nicolaenko, Darryl D. Holm, James M. Hyman.
260 _aProvidence, R.I. :
_bAmerican Mathematical Society,
_c1986.
300 _axvi, 468p. :
_bill. ;
_c24 cm.
440 0 _aLectures in applied mathematics,
_x0075-8485 ;
_vv. 23
504 _aIncludes bibliographical references.
650 0 _aDifferential equations, Partial
_vCongresses.
700 1 _aNicolaenko, Basil.
700 1 _aHolm, Darryl D.
700 1 _aHyman, James M.
710 2 _aSociety for Industrial and Applied Mathematics.
710 2 _aAmerican Mathematical Society.
710 2 _aCenter for Nonlinear Studies (Los Alamos National Laboratory)
907 _a.b10034377
_b20-03-12
_c17-04-03
003
005 20230123134414.0
040 _cNUST
942 _cBOOKS
_kQA377
999 _c165365
_d165365